000 00812nam a22002537a 4500
003 UA-OsUOA
001 30745
007 ta
008 20041115b un ||||| |||| 00| 0 ukr d
100 _aСоколов А. Г.
700 _aМихайлов М. В.
090 _a82.09(470+571)
_bС59
942 _cBK
040 _aUA-OsUOA
_brus
_cUA-OsUOA
_dUA-OsUOA
245 _aРусская литературная критика конца ХIХ-начала ХХ века. Хрестоматия
_bУчебное пособие для филологических специальностей ун-тов
300 _a366 с.
955 _a0
041 _arus
080 _a82.09(470+571)
260 _aМосква
_bВысшая школа
_c1982
044 _aRU
650 7 _2UDC
999 _c317159
_d317159